header

Financial accounting (Record no. 1849)

MARC details
000 -LEADER
fixed length control field 01222nam a22003374a 4500
082 04 - DEWEY DECIMAL CLASSIFICATION NUMBER
Classification number 657
100 1# - MAIN ENTRY--AUTHOR NAME
Personal name Stittle, John.
245 10 - TITLE STATEMENT
Title Financial accounting
260 ## - PUBLICATION, DISTRIBUTION, ETC. (IMPRINT)
Place of publication Los Angeles :
Name of publisher Sage Publications,
Year of publication 2008.
300 ## - PHYSICAL DESCRIPTION
Number of Pages 170 p.
490 1# - SERIES STATEMENT
Series statement Sage course companions
650 #0 - SUBJECT ADDED ENTRY--TOPICAL TERM
Topical Term Accounting.
700 1# - ADDED ENTRY--PERSONAL NAME
Personal name Wearing, Robert.
856 40 - ELECTRONIC LOCATION AND ACCESS
Uniform Resource Identifier http://site.ebrary.com/lib/rucke/Doc?id=10285196

No items available.

© 2026 Rongo University
Contact us: librarian | system librarian | Rongo university